000 00287nam a22001097a 4500
008 160429b xxu||||| |||| 00| 0 eng d
020 _a0471045233
041 _aeng
080 _a618.2
245 _aStrategies for teaching nursing:
_cRheba de Tornyay; Martha A. Thompson;
942 _2udc
_cBK
999 _c1673
_d1673